| 000 | 00391nam a2200109Ia 4500 | ||
|---|---|---|---|
| 008 | 170221s9999 xx 000 0 und d | ||
| 100 | _aShaista Wasiuzzaman | ||
| 245 | _aDeterminants of Working Capital Investment: A Study of Malaysian PublicListed Firms | ||
| 245 | _cShaista Wasiuzzaman and Veeri Chettiar Arumugam | ||
| 650 | _xBusiness | ||
| 856 | _uhttp://ro.uow.edu.au/aabfj/vol7/iss2/5/ | ||
| 999 |
_c307539 _d307539 |
||